Teória riadenia

Gespeichert in:
Bibliographische Detailangaben
1. Verfasser: Šimončič, Stanislav Igor
Format: Buch
Sprache:Slowakisch
Veröffentlicht: Bratislava Alfa 1986
Ausgabe:2. vyd.
Schriftenreihe:Edícia ekonomickej literatúry
Tags: Tag hinzufügen
Keine Tags, Fügen Sie das erste Tag hinzu!

MARC

LEADER 00000nam a2200000 4500
001 c041642
005 20221219100952.3
041 0 |a slo 
044 |a SK 
245 1 0 |a Teória riadenia  |c Stanislav Igor Šimončič a kol. 
250 |a 2. vyd. 
264 1 |a Bratislava  |b Alfa  |c 1986 
300 |a 475 s. 
490 1 |a Edícia ekonomickej literatúry 
830 0 |a Edícia ekonomickej literatúry 
100 1 |a Šimončič, Stanislav Igor